Statistics for U.S. State Flags With No Lettering or Seals

Click here to take the quiz!

General Stats

  • This quiz has been taken 33 times
  • The average score is 12 of 16

Answer Stats

Answer% Correct
Texas
97%
Hawaii
87%
New Mexico
87%
Maryland
84%
Puerto Rico
84%
Alaska
81%
Arizona
81%
Colorado
81%
Ohio
81%
Tennessee
81%
Alabama
77%
South Carolina
77%
Oregon (reverse)
61%
Utah (commemorative)
58%
District of Columbia
55%
American Samoa
52%

Score Distribution

Percentile by Number Answered

Percent of People with Each Score

Your Score History

You have not taken this quiz